000 00760nam a2200205 i 4500
001 20551
003 ES-MaACL
005 20230906152326.0
007 t|
008 021114s1963 uy ||||1| spa d
100 1 _aAcevedo Díaz, Eduardo,
_d1882-1959
_918248
245 1 0 _aProyecto de Código civil para la República Oriental del Uruguay publicado en Montevideo en 1852 /
_cEduardo Acevedo.
250 _aEd. conmemorativa.
260 _aMontevideo :
_bMinisterio de Instrucción Pública y Previsión Social,
_c1963.
300 _aLXXI, 529 p. ;
_c26 cm.
650 4 _a Derecho civil-
_zUruguay.
_9171520
710 1 _aUruguay.
_bMinisterio de Instrucción Pública y Previsión Social.
_97529
852 _aES-MaACL
_jC-28654
999 _c20551
_d20551